Statistics for Guess The Video Game

Click here to take the quiz!

General Stats

  • This quiz has been taken 42 times
  • The average score is 4 of 6

Answer Stats

HintAnswer% Correct
PlumberSuper Mario
100%
SpeedySonic
95%
MiningMinecraft
84%
BarrelsDonkey Kong
66%
Gun GameFortnite
42%
SoccarRocket League
32%

Score Distribution

Percentile by Number Answered

Percent of People with Each Score

Your Score History

You have not taken this quiz